000 00466nam a2200181Ia 4500
005 20251020182605.0
008 200515s9999 xx 000 0 und d
082 _aSC/362.4(042)/036
110 _aOficina Internacional del Trabajo
245 0 _aCooperativas para incapacitados: su organización y desarrollo
260 _aGinebra
260 _c1983
300 _a175
650 _aCOOPERATIVAS
650 _aINCAPACITADOS
650 _aTRABAJO
942 _cLIB
999 _c3157
_d3157